<?xml version="1.0" encoding="UTF-8"?>
<record
    xmlns:xsi="http://www.w3.org/2001/XMLSchema-instance"
    xsi:schemaLocation="http://www.loc.gov/MARC21/slim http://www.loc.gov/standards/marcxml/schema/MARC21slim.xsd"
    xmlns="http://www.loc.gov/MARC21/slim">

  <leader>01687nam a2200313 i 4500</leader>
  <controlfield tag="003">EG-GICUC</controlfield>
  <controlfield tag="005">20260218093945.0</controlfield>
  <controlfield tag="008">260218s1909    nz ||||fr|||| 000 0 fre d</controlfield>
  <datafield tag="040" ind1=" " ind2=" ">
    <subfield code="a">EG-GiCUC</subfield>
    <subfield code="b">fre</subfield>
    <subfield code="c">EG-GiCUC</subfield>
    <subfield code="d">EG-GiCUC</subfield>
    <subfield code="e">Rda</subfield>
  </datafield>
  <datafield tag="041" ind1=" " ind2="0">
    <subfield code="a">fre</subfield>
  </datafield>
  <datafield tag="082" ind1="0" ind2="4">
    <subfield code="2">21</subfield>
    <subfield code="a">341.78</subfield>
    <subfield code="b">RE</subfield>
  </datafield>
  <datafield tag="092" ind1="0" ind2="4">
    <subfield code="2">21</subfield>
  </datafield>
  <datafield tag="099" ind1=" " ind2=" ">
    <subfield code="a">Law1 11 341.78 RE 1909</subfield>
  </datafield>
  <datafield tag="100" ind1="1" ind2=" ">
    <subfield code="a">Niboyet J.-p</subfield>
    <subfield code="e">Auteur</subfield>
  </datafield>
  <datafield tag="245" ind1="1" ind2="0">
    <subfield code="a">Recueil G&#xE9;n&#xE9;ral  De La Legislation Et Des Trait&#xE9;s Concernant La Propri&#xE9;t&#xE9; Industrielle :</subfield>
    <subfield code="b">Braveza D'investien Dessins Et Mod&#xE8;les De Fabrique. Marques De Fabrique Et De Roumetree. Nom Commercial, Fausses Indications De Provenance. Currence Daloyals. Usurpation De R&#xE9;compenses Industrielles.</subfield>
    <subfield code="n">Tome Cinqui&#xE8;me</subfield>
    <subfield code="p">(Ier Du Supplement)
Allemagne.
Autriche.
Europe:
Et Samos
(Les De).
Belgique.
Bulgarie.- Cr&#xEA;te
Finlande.
France.
Danemark. -
Espagne.
Hongrie.
Islande. Italie.
Grande-bretagne.
P&#x430;&#x443;&#x43D;-
Bas. - Portugal.
Man (Ile De). - Norv&#xE8;ge.
Russie. - Serbie.
Su&#xE8;de. Suisse.</subfield>
  </datafield>
  <datafield tag="264" ind1=" " ind2="1">
    <subfield code="a">Berne :</subfield>
    <subfield code="b">Bureau International De La Propri&#xE9;t&#xE9; Industrielle,</subfield>
    <subfield code="c">1909.</subfield>
  </datafield>
  <datafield tag="300" ind1=" " ind2=" ">
    <subfield code="a">791 page,</subfield>
    <subfield code="c"> 24 cm.</subfield>
    <subfield code="b">illustration ;</subfield>
  </datafield>
  <datafield tag="336" ind1=" " ind2=" ">
    <subfield code="2">rda contenu</subfield>
    <subfield code="a"> texte</subfield>
  </datafield>
  <datafield tag="337" ind1=" " ind2=" ">
    <subfield code="2">rda  medias</subfield>
    <subfield code="a">Ordinateur</subfield>
  </datafield>
  <datafield tag="338" ind1=" " ind2=" ">
    <subfield code="2"> transporteur rda</subfield>
    <subfield code="a"> Ressource en ligne</subfield>
  </datafield>
  <datafield tag="500" ind1=" " ind2=" ">
    <subfield code="a">Publie Par
Le Bureau International De
L'union Pour La Protection De La Propri&#xE9;t&#xE9; Industrielle
Avec Le Concours De Jurisconsultes De Divers Pays</subfield>
  </datafield>
  <datafield tag="504" ind1=" " ind2=" ">
    <subfield code="a">Comprend des r&#xE9;f&#xE9;rences bibliographiques.

</subfield>
  </datafield>
  <datafield tag="546" ind1=" " ind2=" ">
    <subfield code="a">Texte en fran&#xE7;ais</subfield>
  </datafield>
  <datafield tag="650" ind1="1" ind2="4">
    <subfield code="a">Droit international public</subfield>
    <subfield code="2"> </subfield>
  </datafield>
  <datafield tag="651" ind1="1" ind2=" ">
    <subfield code="2"> </subfield>
  </datafield>
  <datafield tag="856" ind1="4" ind2="0">
    <subfield code="u">https://fll.law.cu.edu.eg/fulltext/bks/B11-07552.pdf</subfield>
  </datafield>
  <datafield tag="905" ind1=" " ind2=" ">
    <subfield code="a">48</subfield>
  </datafield>
  <datafield tag="942" ind1=" " ind2=" ">
    <subfield code="2">ddc</subfield>
    <subfield code="c">BK</subfield>
    <subfield code="e">21</subfield>
    <subfield code="n">0</subfield>
  </datafield>
  <datafield tag="999" ind1=" " ind2=" ">
    <subfield code="c">63516</subfield>
    <subfield code="d">63516</subfield>
  </datafield>
  <datafield tag="952" ind1=" " ind2=" ">
    <subfield code="0">0</subfield>
    <subfield code="1">0</subfield>
    <subfield code="2">ddc</subfield>
    <subfield code="4">0</subfield>
    <subfield code="7">1</subfield>
    <subfield code="8">&#x627;&#x644;&#x642;&#x627;&#x646;&#x648;&#x646; &#x627;&#x644;&#x62F;&#x648;&#x644;&#x64A; &#x627;&#x644;&#x639;&#x627;&#x645;</subfield>
    <subfield code="a">CU</subfield>
    <subfield code="b">LAW1</subfield>
    <subfield code="d">2026-02-18</subfield>
    <subfield code="l">0</subfield>
    <subfield code="o">Law1 11 341.78 RE 1909 1107552 V5, C1</subfield>
    <subfield code="p">B11-07552</subfield>
    <subfield code="r">2026-02-18 09:40:00</subfield>
    <subfield code="t">1</subfield>
    <subfield code="w">2026-02-18</subfield>
    <subfield code="y">BK</subfield>
  </datafield>
</record>
